| 000 | 00554nam a2200205 a 4500 | ||
|---|---|---|---|
| 001 | 16182 | ||
| 003 | CO-ViMGA | ||
| 008 | 141112s2004 ck r 000 u spa d | ||
| 020 | _a8433906917 | ||
| 040 |
_aCO-ViMGA _bspa _cCO-ViMGA |
||
| 082 | 0 | 4 | _a813.5 W355m |
| 100 | 1 |
_aWelles, Orson _923134 |
|
| 245 | 1 | 0 | _aMr Arkadin |
| 260 |
_aBarcelona (España) : _bAnagrama, _c1995 |
||
| 300 | _a226.p. | ||
| 590 | _aForma de adquisición : Premio - Mincultura | ||
| 650 | 1 | 4 |
_aMAGNATES - NOVELA _923135 |
| 650 | 1 | 4 |
_aNOVELA ESTADOUNIDENSE _9761 |
| 942 |
_2ddc _cBK |
||
| 999 |
_c26102 _d26102 |
||